000 00274nam a2200121 a 4500
008 101025s1973|||| d
245 1 0 _aSkalpel a krása
100 1 _aLászlová, Karin
260 _bOsveta
_aMartin
_c1973
020 _c15
041 _aslo
044 _axo
_cSK
999 _c12152
_d12152